000 00371nam a2200133Ia 4500
008 220217s9999||||xx |||||||||||||| ||und||
020 _a0-07-049894-X
082 _a005.43 MAX
100 _aMaxwell, Steve
245 0 _aUnix system administration a beginner's guide
260 _aTata mcgraw hill
_bNew Delhi
_c2002
300 _b395
650 _aOperating systems
999 _c172333
_d172333